000 00992nam a2200277Ia 4500
001 Para_2938
003 CHAP
008 220125s1987 xx 000 0 und d
010 _a201460
040 _cCHAP
090 _aPA FOLLETO 2980
100 _aTrujillo Aguirre, Jorge
_9166377
245 _aBlanco 86 variedad de sorgo para el estado de Yucatán /
_c por Jorge Trujillo Aguirre [y otros]
260 _aChapingo, Méx. :
_b INIFAP. Centro de Investigaciones Forestales del Estado de Yucatán
300 _a11 p.
440 _aFolleto para productores; 3
_9141722
650 _aSorgo
_x Variedades
_9108734
710 _aInstituto Nacional de Investigaciones Forestales y Agropecuarias. México. Centro de Investigaciones Forestales y Agropecuarias del Estado de Yucatán
_9166378
901 _aPA FOLLETO 2980
902 _aA
905 _a0000001987 CHAa 0000000000 00
910 _a1987
942 _cPARA
942 _cPARA
_d1
999 _c201460
_d201460